|
|
|
|
| LEADER |
00884nam a22002172a 4500 |
| 001 |
001212131 |
| 003 |
CZ BrMZK |
| 005 |
20121003075017.0 |
| 007 |
ta |
| 008 |
120514s1976 gw er 000 0 ger d |
| 040 |
|
|
|a BOA001
|b cze
|
| 100 |
1 |
|
|a Fritzsche, Karl Peter,
|d 1950-
|7 uk2011668447
|4 dis
|
| 245 |
1 |
0 |
|a Entfremdungskritik und Übergangstheorie :
|b Untersuchungen zur entfremdungstheoretischen Fundierung der Bürokratiekritik und des Selbstverwaltungssozialismus am Beispiel der "Praxis" -Gruppe /
|c Karl Peter Fritzsche
|
| 260 |
|
|
|a Frankfurt am Main :
|b K.P. Fritzsche,
|c 1976
|
| 300 |
|
|
|a 190 s.
|
| 502 |
|
|
|a Disertace--Universität Frankfurt am Main, 1976
|
| 710 |
2 |
|
|a Universität Frankfurt am Main
|7 kn20010710027
|
| 910 |
|
|
|a BOA001
|b 2-0766.143
|
| 990 |
|
|
|a BK
|
| 991 |
|
|
|b 201205
|
| 996 |
7 |
|
|b 2619521303
|c 2-0766.143
|l MZK
|r Sklad / do 1 hodiny
|n 0
|w 001245860
|u 000010
|a 1
|e BOA001
|j MZK50
|s A
|